000 00965cam a2200253 a 4500
001 000005792
005 20200929151803.0
008 790112s1966 uy b 000 0 spa
010 _a67046604
040 _aDO-SdBNP
_cNbU
_dDLC
082 _a342
_bR173c
100 1 _aRamírez, Carlos María,
_d1848-1898.
_916322
245 1 0 _aConferencias de derecho constitucional /
_cCarlos María Ramírez, prólogo de Hector Gros Espiell.
260 _aMontevideo,
_c1966.
300 _axlvii, 269 [5]p. ;
_c20 cm.
490 1 _aBiblioteca Artigas.
_vv. 103
490 1 _aClásicos uruguayos
_vv. 103
504 _aIncluye referencias bibliográficas y notas al pie de las páginas (p. xxxii-xlv)
650 4 _aDerecho costitucional
_zUruguay
_916382
650 4 _aDerecho costitucional
_916383
700 1 _aGros Espiell, Hector
_epról.
_916384
830 0 _aBiblioteca Artigas
_pClásicos uruguayos ;
_vv. 103
_916276
910 _aCatalogación por copia / LC
999 _a1
_n0000021
_c5588
_d5588